000 01242cam a2200301 a 4500
001 12353840
003 OSt
005 20211015110811.0
008 010321s2002 maua b 001 0 eng
010 _a 2001030785
020 _a0072325690
040 _aDDC
_cHU
_dDLC
050 0 0 _aQA241
_b.B83 2002
082 0 0 _a512.5/BUR
_221
100 1 _aBurton, David M.
_9908
245 1 0 _aElementary number theory /
_cDavid M. Burton.
250 _a5th ed.
260 _aBoston :
_bMcGraw-Hill,
_cc2002.
300 _axv, 411 p. :
_bill. ;
_c25 cm.
440 0 _aInternational series in pure and applied mathematics
_913893
504 _aIncludes bibliographical references (p. 364-369) and index.
650 0 _aNumber theory.
_99106
856 4 2 _3Publisher description
_uhttp://www.loc.gov/catdir/description/mh021/2001030785.html
856 4 1 _3Table of contents
_uhttp://www.loc.gov/catdir/toc/mh021/2001030785.html
906 _a7
_bcbc
_corignew
_d1
_eocip
_f20
_gy-gencatlg
942 _2ddc
_cBOOKS
_n0
999 _c12977
_d12977